| 000 | 00943nam a22002775a 4500 | ||
|---|---|---|---|
| 006 | a||||fr|||| 00| 0 | ||
| 008 | 100906t2005 II a frb 001 0 eng d | ||
| 020 | _a8177221205 | ||
| 040 |
_aEG-ScBuE _beng _cEG-ScBuE |
||
| 082 | 0 | 4 |
_a005.7585 _bDAL _222 |
| 100 | 1 |
_aDalton, Patrick. _918327 |
|
| 245 | 1 | 0 |
_aSQL server 2000 black book / _cby Patrick Dalton and Paul Whitehead. |
| 260 |
_aNew Delhi : _bCoriolis Group Books, _c2001. |
||
| 300 |
_a969 p. : _bill. ; _c24 cm. + _e2 CD-ROM (4 3/4 in.) |
||
| 500 | _aIndex : p. 949-969. | ||
| 500 | _aGlossary : p. 931-948. | ||
| 500 | _aAppendix : p. 921-930. | ||
| 504 | _aIncludes bibliographical references. | ||
| 590 | _aMenna elemam | ||
| 650 | 0 |
_aClient/server computing. _918328 _2BUEsh |
|
| 650 | 0 |
_aRelational databases. _918329 _2BUEsh |
|
| 651 | _2BUEsh | ||
| 653 |
_bCOMSCI _cAugust2015 |
||
| 700 | 1 |
_aWhitehead, Paul, _d1965- _918330 |
|
| 942 |
_cBB _k005.7585 DAL _2ddc |
||
| 999 |
_c549 _d549 |
||